Królowe Polski - Statystyki

Ogólne statystyki
  • Ten quiz został rozwiązany 49 razy
  • Średni wynik to 9 z 22
Statystyki odpowiedzi
Król Królowa % Poprawnych
Władysław II Jagiełło Jadwiga Andegaweńska
95%
Zygmunt I Stary Bona Sforza
87%
Stefan Batory Anna Jagiellonka
64%
Władysław II Jagiełło Anna Cylejska
59%
Ludwik Węgierski Elżbieta Bośniaczka
51%
Kazimierz IV Jagiellończyk Elżbieta Rakuszanka
51%
Władysław II Jagiełło Elżbieta Granowska
46%
Władysław II Jagiełło Zofia Holszanńska
46%
Zygmunt II August Barbara Radziwiłłówna
41%
Zygmunt II August Elżbieta Habsburżanka
41%
Zygmunt III Waza Anna Habsburżanka
33%
Zygmunt II August Katarzyna Habsburżanka
33%
Michał Korybut Wiśniowiecki Eleonora Habsburżanka
31%
Zygmunt I Stary Barbara Zapolya
28%
Aleksander Jagiellończyk Helena Moskiewska
28%
Zygmunt III Waza Konstancja Habsburżanka
23%
Władysław IV Waza i Jan II Kazimierz Ludwika Gonzaga
23%
Władysław IV Waza Cecylia Habsburżanka
21%
Jan III Sobieski Maria d'Arquien
21%
August III Sas Maria Habsburżanka
18%
Stanisław Leszczyński Katarzyna Opalińska
15%
August II Mocny Krystyna Hohenzollerówna
5%
Nie znaleziono quizów pasujących do podanych kryteriów
Rozkład punktacji
Procent ludzi z każdym wynikiem
Percentyl według liczby udzielonych odpowiedzi
Twoja historia wyników
Nie rozwiązałeś tego quizu